MARC details
| 000 -LEADER |
| fixed length control field |
01958nam a2200457 a 4500 |
| 001 - CONTROL NUMBER |
| control field |
25368880 |
| 003 - CONTROL NUMBER IDENTIFIER |
| control field |
TxHSBL |
| 003 - CONTROL NUMBER IDENTIFIER |
| control field |
OCoLC |
| 005 - DATE AND TIME OF LATEST TRANSACTION |
| control field |
20220502140213.0 |
| 008 - FIXED-LENGTH DATA ELEMENTS--GENERAL INFORMATION |
| fixed length control field |
940304t19921992ilua j 000 1 spa d |
| 010 ## - LIBRARY OF CONGRESS CONTROL NUMBER |
| LC control number |
92003767 |
| 020 ## - INTERNATIONAL STANDARD BOOK NUMBER |
| International Standard Book Number |
0807563463 |
| 020 ## - INTERNATIONAL STANDARD BOOK NUMBER |
| International Standard Book Number |
9780807563465 |
| 035 ## - SYSTEM CONTROL NUMBER |
| Canceled/invalid control number |
sbr94097803 |
| 040 ## - CATALOGING SOURCE |
| Original cataloging agency |
TxHSBL |
| Language of cataloging |
eng |
| Transcribing agency |
TxHSBL |
| 041 1# - LANGUAGE CODE |
| Language code of text/sound track or separate title |
spa |
| Language code of original |
eng |
| 042 ## - AUTHENTICATION CODE |
| Authentication code |
lcac |
| 050 00 - LIBRARY OF CONGRESS CALL NUMBER |
| Classification number |
PZ73 |
| Item number |
.N6418 1992 |
| 082 00 - DEWEY DECIMAL CLASSIFICATION NUMBER |
| Classification number |
[Fic] |
| Edition number |
20 |
| 092 00 - LOCALLY ASSIGNED DEWEY CALL NUMBER (OCLC) |
| Classification number |
E |
| Item number |
NOD |
| 100 1# - MAIN ENTRY--PERSONAL NAME |
| Personal name |
Nodar, Carmen Santiago. |
| Authority record control number |
http://id.loc.gov/authorities/names/n91114962. |
| 240 10 - UNIFORM TITLE |
| Uniform title |
<a href="Abuelita's paradise.">Abuelita's paradise.</a> |
| Language of a work |
Spanish |
| Authority record control number |
http://id.loc.gov/authorities/names/n92005847. |
| 245 13 - TITLE STATEMENT |
| Title |
El paraiso de Abuelita / |
| Statement of responsibility, etc. |
por Carmen Santiago Nodar ; ilustrado por Diane Paterson ; traduccion de Teresa Mlawer. |
| 260 ## - PUBLICATION, DISTRIBUTION, ETC. (IMPRINT) |
| Place of publication, distribution, etc. |
Morton Grove, Ill. : |
| Name of publisher, distributor, etc. |
A. Whitman, |
| Date of publication, distribution, etc. |
c1992. |
| 264 #1 - PRODUCTION, PUBLICATION, DISTRIBUTION, MANUFACTURE, AND COPYRIGHT NOTICE |
| Place of production, publication, distribution, manufacture |
Morton Grove, Ill. : |
| Name of producer, publisher, distributor, manufacturer |
A. Whitman, |
| Date of production, publication, distribution, manufacture, or copyright notice |
[1992] |
| 264 #4 - PRODUCTION, PUBLICATION, DISTRIBUTION, MANUFACTURE, AND COPYRIGHT NOTICE |
| Date of production, publication, distribution, manufacture, or copyright notice |
c1992. |
| 300 ## - PHYSICAL DESCRIPTION |
| Extent |
32 unnumbered pages : |
| Other physical details |
color illustrations ; |
| Dimensions |
21 cm. |
| 336 ## - CONTENT TYPE |
| Content type term |
text |
| Content type code |
txt |
| Source |
rdacontent. |
| 337 ## - MEDIA TYPE |
| Media type term |
unmediated |
| Media type code |
n |
| Source |
rdamedia. |
| 338 ## - CARRIER TYPE |
| Carrier type term |
volume |
| Carrier type code |
nc |
| Source |
rdacarrier. |
| 385 ## - AUDIENCE CHARACTERISTICS |
| Demographic group code |
age |
| Audience term |
Children |
| Source |
lcdgt. |
| 500 ## - GENERAL NOTE |
| General note |
Translation of: Abuelita's paradise. |
| 520 ## - SUMMARY, ETC. |
| Summary, etc. |
Although her grandmother has died, Marita sits in Abuelita's rocking chair and remembers the stories Abuelita told of life in Puerto Rico. |
| 650 #0 - SUBJECT ADDED ENTRY--TOPICAL TERM |
| Topical term or geographic name as entry element |
Death |
| Form subdivision |
Juvenile fiction. |
| Authority record control number |
http://id.loc.gov/authorities/subjects/sh2009122921. |
| 650 #0 - SUBJECT ADDED ENTRY--TOPICAL TERM |
| Topical term or geographic name as entry element |
Grandmothers |
| Form subdivision |
Juvenile fiction. |
| Authority record control number |
http://id.loc.gov/authorities/subjects/sh2008105391. |
| 650 #0 - SUBJECT ADDED ENTRY--TOPICAL TERM |
| Topical term or geographic name as entry element |
Spanish language materials |
| Form subdivision |
Juvenile fiction. |
| 651 #0 - SUBJECT ADDED ENTRY--GEOGRAPHIC NAME |
| Geographic name |
Puerto Rico |
| Authority record control number |
http://id.loc.gov/authorities/names/n79063677 |
| Form subdivision |
Juvenile fiction. |
| Authority record control number |
http://id.loc.gov/authorities/subjects/sh99001687. |
| 655 #7 - INDEX TERM--GENRE/FORM |
| Genre/form data or focus term |
Fiction. |
| Source of term |
lcgft |
| Authority record control number |
http://id.loc.gov/authorities/genreForms/gf2014026339. |
| 700 1# - ADDED ENTRY--PERSONAL NAME |
| Personal name |
Paterson, Diane, |
| Dates associated with a name |
1946- |
| Authority record control number |
http://id.loc.gov/authorities/names/n80057028. |
| 942 ## - ADDED ENTRY ELEMENTS (KOHA) |
| Koha item type |
Libro/Book |